00329nam a2200145Ia 45000030006000000080041000060400015000471000022000622450038000842500006001222600018001283000006001465460014001520050017001660STCL150530s9999 xx 000 0 und d aSTCLcSTCL aKrishnan Nair, M. aM.Krishnan Nairude Prabhandhangal a1 c1987aCalicut a0 aMalayalam20220125171734.0